Latinoamérica y Estados Unidos (Record no. 71924)

MARC details
000 -LEADER
campo de control de longitud fija 00650nam a2200181 i 4500
001 - NÚMERO DE CONTROL
campo de control 71924
003 - IDENTIFICADOR DE NÚMERO DE CONTROL
campo de control ES-MaACL
005 - FECHA Y HORA DE LA ÚLTIMA TRANSACCIÓN
campo de control 20230906171257.0
007 - CAMPO FIJO DE DESCRIPCIÓN FÍSICA--INFORMACIÓN GENERAL
campo de control de longitud fija t|
008 - DATOS DE LONGITUD FIJA--INFORMACIÓN GENERAL
campo de control de longitud fija 040820s1975 sp ||||1| spa d
100 1# - ENTRADA PRINCIPAL--NOMBRE DE PERSONA
Nombre de persona Gil, Federico G.
9 (RLIN) 56726
245 10 - MENCIÓN DEL TÍTULO
Título Latinoamérica y Estados Unidos
Resto del título : dominio, cooperación y conflicto /
Mención de responsabilidad, etc. Federico G. Gil ; presentación por Rafael López Pintor ; [traducción por Dámaso Alvarez Monteagudo].
260 ## - PUBLICACIÓN, DISTRIBUCIÓN, ETC.
Lugar de publicación, distribución, etc. Madrid :
Nombre del editor, distribuidor, etc. Tecnos,
Fecha de publicación, distribución, etc. [1975]
300 ## - DESCRIPCIÓN FÍSICA
Extensión 269 p. ;
Dimensiones 23 cm.
700 1# - ENTRADA AGREGADA--NOMBRE PERSONAL
Nombre de persona López Pintor, Rafael.
9 (RLIN) 73893
700 1# - ENTRADA AGREGADA--NOMBRE PERSONAL
Nombre de persona Alvarez-Monteagudo Rizo, Dámaso.
9 (RLIN) 20884
852 ## - LOCALIZACIÓN
Ubicación ES-MaACL
Número de control de estantería E-7012
Sublocalización o colección R.91659
Holdings
Estatus retirado Estado de pérdida Estado de daño No para préstamo Biblioteca de origen Biblioteca actual Ubicación en estantería Fecha de adquisición Fuente de adquisición Total de préstamos Signatura topográfica completa Código de barras Visto por última vez Precio de reemplazo Tipo de ítem Koha
        Biblioteca del Ateneo de Madrid Biblioteca del Ateneo de Madrid Depósito 2 17/01/2008     E-7012 1075292 23/02/2023 23/02/2023 Libro impreso